|
|
|
|
| LEADER |
00000nab a2200000 a 4500 |
| 001 |
vtls008839551 |
| 003 |
SK-MaSNL |
| 005 |
20260304143753.0 |
| 008 |
250505c2006 xo |||||||| |000 b|slo |
| 015 |
|
|
|a SNBRB2006/08
|2 snkbucl
|
| 035 |
|
|
|a (uuid)f902ec51-c635-4cba-91a5-ad58e89dc7a0
|
| 035 |
|
|
|a urn:nbn:sk:snk-ab1wkl
|
| 035 |
|
|
|a (urnnbn)urn:nbn:sk:snk:ar-a014zn
|
| 038 |
|
|
|a SNKBUCL
|
| 040 |
|
|
|a SNKBUCL
|b slo
|c SNKBUCL
|e AACR2
|
| 041 |
0 |
|
|a hun
|
| 044 |
|
|
|a xo
|c SK
|
| 080 |
|
|
|a 821.511.141 (437.6)-1=511.141
|2 1997
|
| 100 |
1 |
|
|a Németh, Zoltán,
|d 1970-
|4 aut
|9 102330
|
| 245 |
1 |
0 |
|a Állati nyelvek, állati versek
|c Németh Zoltán
|
| 300 |
|
|
|b Obr.
|
| 500 |
|
|
|a Obsahuje 3 básne
|
| 655 |
|
7 |
|a maďarská poézia
|2 snkbucl
|9 70602
|
| 740 |
0 |
2 |
|a Állati szerelem
|
| 740 |
0 |
2 |
|a A madarak az égben írják-
|
| 740 |
0 |
2 |
|a A legjobb ötleteim-
|
| 773 |
0 |
|
|t Kalligram : művészet és gondolat
|g Évf. XV, sz. július-augusztus (2006), o. 35
|x 1335-1826
|
| 850 |
|
|
|a Slovenská národná knižnica
|
| 852 |
|
|
|a Slovenská národná knižnica
|
| 958 |
|
|
|a article27
|
| 958 |
|
|
|a OND
|
| 958 |
|
|
|a HU
|
| 958 |
|
|
|a LX
|
| 958 |
|
|
|a SK
|
| 958 |
|
|
|a EUIPO
|
| 999 |
|
|
|c 2927521
|d 2929451
|